| 000 | 00467nam a2200193Ia 4500 | ||
|---|---|---|---|
| 008 | 210210b2013 xxu||||| |||| 00| 0 eng d | ||
| 020 | _a9789350563014 | ||
| 041 | _aeng | ||
| 082 | _a589.2223 MISS | ||
| 100 | _aMISHRA (Shubhrata R) | ||
| 245 | _aScience of mushrooms | ||
| 260 |
_aNew Delhi _bDiscovery Publishing House Pvt. Ltd. _c2013 |
||
| 300 | _a220 | ||
| 650 | _aScience | ||
| 650 | _aof | ||
| 650 | _amushrooms | ||
| 690 | _aFungi | ||
| 906 | _a067780 | ||
| 999 |
_c151648 _d151648 |
||